ছয় নম্বৰ প্রশ্নৰ উত্তৰ / (Record no. 1069329)

MARC details
000 -LEADER
fixed length control field 01054nam a2200313 a 4500
001 - CONTROL NUMBER
control field vtls001619598
003 - CONTROL NUMBER IDENTIFIER
control field NLI
005 - DATE AND TIME OF LATEST TRANSACTION
control field 20210628133934.0
008 - FIXED-LENGTH DATA ELEMENTS--GENERAL INFORMATION
fixed length control field 121214s1968 ii 000 1 asm
020 ## - INTERNATIONAL STANDARD BOOK NUMBER
Terms of availability Rs. 3.00
039 #9 - LEVEL OF BIBLIOGRAPHIC CONTROL AND CODING DETAIL [OBSOLETE]
-- 201212141942
-- VLOAD
040 ## - CATALOGING SOURCE
Original cataloging agency NLI
Language of cataloging asmeng
Transcribing agency Datasoft_Assamese
Description conventions AACR2
041 0# - LANGUAGE CODE
Language code of text/sound track or separate title asm
044 ## - COUNTRY OF PUBLISHING/PRODUCING ENTITY CODE
MARC country code ii
082 04 - DEWEY DECIMAL CLASSIFICATION NUMBER
Classification number 891.493
100 0# - MAIN ENTRY--PERSONAL NAME
Linkage 880-01
Personal name আব্দুল মালিক
245 10 - TITLE STATEMENT
Linkage 880-02
Title ছয় নম্বৰ প্রশ্নৰ উত্তৰ /
Statement of responsibility, etc. আব্দুল মালিক
260 ## - PUBLICATION, DISTRIBUTION, ETC.
Place of publication, distribution, etc. অসম :
Name of publisher, distributor, etc. মিত্র পাবলিশিং,
Date of publication, distribution, etc. 1968
300 ## - PHYSICAL DESCRIPTION
Extent iv, 95 p. ;
Dimensions 22 cm.
650 #0 - SUBJECT ADDED ENTRY--TOPICAL TERM
Topical term or geographic name entry element Assamese fiction
9 (RLIN) 678390
880 ## - ALTERNATE GRAPHIC REPRESENTATION
Linkage 100-01(B
a Ābdul Mālik
880 10 - ALTERNATE GRAPHIC REPRESENTATION
Linkage 245-02(B
a Chay nambar praśnar uttar /
c Ābdul Mālik
887 ## - NON-MARC INFORMATION FIELD
Content of non-MARC field (Abhik Ghosh) Soumya
901 ## - LOCAL DATA ELEMENT A, LDA (RLIN)
a 1781
b 02.08.1969
902 ## - LOCAL DATA ELEMENT B, LDB (RLIN)
a A 891.493 A 231 cha
904 ## - LOCAL DATA ELEMENT D, LDD (RLIN)
c (Abhik Ghosh) Soumya
l 8447
949 ## - LOCAL PROCESSING INFORMATION (OCLC)
-- VIRTUAITEM
-- 10000
-- 100
6 DBA000001781ASM
942 ## - ADDED ENTRY ELEMENTS (KOHA)
Source of classification or shelving scheme Dewey Decimal Classification
Koha item type Books
Holdings
Withdrawn status Lost status Damaged status Not for loan Collection code Home library Current library Shelving location Date acquired Total Checkouts Full call number Barcode Date last seen Price effective from Koha item type
        Assamese National Library of India National Library of India Assamese - Books - Main Stack Division     A 891.493 A 231 cha DBA000001781ASM 28/06/2021 28/06/2021 Books
                                                                           
web counter

Copyright ©2020 The National Library of India, Govt. of India ↔ Hosted by NVLI, MOC ↔ Technology and Design by National Library of India, Ministry of Culture, Govt. of India